Au siécle des amours
Saved in:
| Main Author: | |
|---|---|
| Format: | Book |
| Language: | Undetermined |
| Published: |
París, Francia
Editions de París
1958
|
| Subjects: | |
| Tags: |
Add Tag
No Tags, Be the first to tag this record!
|
MARC
| LEADER | 00000nam a2200000Ia 4500 | ||
|---|---|---|---|
| 008 | 170316s9999 xx 000 0 und d | ||
| 040 | |a cru BVZT | ||
| 090 | |a 840 V-3a | ||
| 100 | |a Vallieres, Jean des | ||
| 245 | |a Au siécle des amours | ||
| 260 | |a París, Francia | ||
| 260 | |b Editions de París | ||
| 260 | |c 1958 | ||
| 300 | |a 253 páginas | ||
| 650 | |a LITERATURA FRANCESA | ||
| 999 | |c 8055 |d 8055 | ||
| 942 | |c 15 D |h 840 V-3a |2 z | ||
